LDR 00706naa#a2200193#i#450# 001 EN\\bibl\111099 005 20260702184627.4 011 ## _a2542-1840 100 ## _a20260630b2026####ek#y0engy0150####ca 102 ## _aRU 200 1# _aDigital Literacy in Professional Responsibility of Pre-Service Teachers _eJournal article 210 1# _aKemerovo _cKemerovo State University _d2026 215 ## _a9 с. 608 ## _aJournal article _2local 675 ## _aВысшее образование. Высшая школа. Подготовка научных кадров. 378 _z 700 #1 _aLopatkin _gGrigory Yur'evich 700 #1 _aDiveeva _gKarina Dmitrievna 700 #1 _aDiveev _gDanila Vasil'evich 856 4# _ajstrategizing.kemsu.ru _u